000 00493nam a2200181Ia 4500
003 GCL
008 140319s9999 xx 000 0 eng d
040 _aGCL /
_cGCL
082 0 4 _a610
_bY E
100 1 _aYANCHI, LIU
245 1 0 _aTHE ESSENTIAL BOOK OF TRADITIONAL CHINESE MEDICINE /
_cYANCHI, LIU
700 1 _aVIAN, KATHLEEN
700 1 _aECKMAN, PETER
260 _a[S.N] :
_bCOLUMBIA UNIVERSITY PRASS ،
_c1988
650 0 4 _aMEDICINE - CHINA
650 0 4 _aMEDICINE
942 _2ddc
_cBK
999 _c11860
_d11860